Movies Quiz

Random Movies or Disney Quiz
Score 0/12 Timer 04:00
1 Play Today
% Correct
Belle
98.4%
Prince Adam the Beast
97.8%
Gaston
94.4%
Chip
89.4%
Mrs. Potts
84.9%
Lumière
81.2%
Cogsworth
75.1%
Maurice
58.7%
LeFou
54.3%
Philippe
32%
Footstool
22.4%
Monsieur D'Arque
10.2%
Remove Ads.
Support Sporcle.
Get the best of Sporcle when you Go Orange. This ad-free experience offers more features, more stats, and more fun while also helping to support Sporcle. Thank you for becoming a member.

You're not logged in!

Compare scores with friends on all Sporcle quizzes.
OR
Log In

Show Comments

Extras

Top Quizzes Today


Score Distribution

Your Account Isn't Verified!

In order to create a playlist on Sporcle, you need to verify the email address you used during registration. Go to your Sporcle Settings to finish the process.

Report this User

Report this user for behavior that violates our Community Guidelines.

Details: